Statistics for The Legend of Zelda Trivia (Medium Level)

Click here to take the quiz!

General Stats

  • This quiz has been taken 523 times
    (512 since last reset)
  • The average score is 8 of 15

Answer Stats

HintAnswer% Correct
The piece of the Triforce Link possesses in most games.Trifroce of Courage
99%
Game in which the Official Zelda Timeline splits into 3 pieces.The Legend of Zelda: Ocarina of Time
92%
Year The Legend of Zelda was originally released in Japan.1986
88%
Race Impa belongs to in most games.Sheikah
84%
Form Link takes in The Dark World in A Link to the Past if he does not possess the Moon Pearl.Bunny
57%
Zelda Game that uses the Wii Zapper.Link's Crossbow Training
57%
Book published by Dark Horse in which the official Zelda Timeline was revealed.Hyrule Historia
46%
Name of the cowardly steamboat captain that assists Link in Phantom Hourglass.Linebeck
46%
CDI game in which you play as Link, infamous for its awful cutscenes.Link: The Faces of Evil
40%
Character in Majora's Mask turned into a child by The Skull KidKafei
37%
Item that allows you to control Tingle with a GBA in The Wind Waker.Tingle Tuner
37%
Character who acts as Link's 'hat' in The Minish CapEzlo
36%
CDI game in which you play as Zelda, infamous for its awful cutscenes.Zelda: Wand of Gamelon
36%
Name of Ruto resident in Zelda 2 that exclaims "I AM ERROR".Error
35%
Composer for the original NES game.Koji Kondo
34%

Score Distribution

Percentile by Number Answered

Percent of People with Each Score

Your Score History

You have not taken this quiz since the last reset